• 首页
  • 本馆介绍
  • 公告通知
  • 最新文献
  • 馆藏检索
  • 电子资源
  • 读者导购
  • 参考咨询
  • 我的图书馆
  • 登录
  • 详细信息显示
  • 放入我的书架
  • 预约/预借图书
  • 作者相关作品
  • 分类相关作品
  • 丛书相关作品
  • 出版社相关作品

书目信息

  • 表格格式
  • 工作单格式
  • 卡片格式
题名:
不动点类理论
    
 
作者: 江泽涵 著
分册:  
出版信息: 北京   科学出版社  1979
页数: 216页
开本: 20cm
丛书名:
单 册:
中图分类: O189.2
科图分类:
主题词: 不动点定理
电子资源:
ISBN:
000 00601nam0 2200229 45
001 0179001745
005 20060927155437.17
010    @d¥0.92
091    @aCN@b13031.975
100    @a19950725d1979 em y0chiy0121 ea
101 0  @achi
102    @aCN@b110000
105    @ay z 000yy
200 10 @a不动点类理论@Abu dong dian lei li lun@f江泽涵著
210    @a北京@c科学出版社@d1979
215    @a216页@d20cm
300    @a纯粹数学与应用数学专著 第3号
606    @a不动点定理
690    @aO189.2@v3
701  0 @a江泽涵@Ajiang ze han@4著
801  0 @aCN@bTSSF@c20060927
905    @a10447@dO189.2@e43
    
    不动点类理论/江泽涵著.-北京:科学出版社,1979
    216页;20cm
    纯粹数学与应用数学专著 第3号
    
    ISBN :¥0.92
    
●
相关链接 在E读中查询图书 在五车中查询图书 在当当中查询图书 在豆瓣中查询图书


正题名:不动点类理论     索取号:O189.2/43         预约/预借

序号 登录号 条形码 馆藏地/架位号 状态 备注
1 0422287   204222876   密集书库/ [索取号:O189.2/43] 在馆    
唐山师范学院图书馆 欢迎您!
大连网信软件有限公司© 版权所有